| 000 | 00578nam a22001937a 4500 | ||
|---|---|---|---|
| 999 |
_c5286 _d5286 |
||
| 003 | GBCCL | ||
| 005 | 20241126110537.0 | ||
| 008 | 180312b ||||| |||| 00| 0 eng d | ||
| 020 | _a185240117 | ||
| 040 | _cgbc | ||
| 082 |
_a243 _bMOO |
||
| 100 |
_aMoody, D.L. _97772 |
||
| 245 |
_aPower from On High: _bA Vital Message for the Worldwide Church Today / _cD.L. Moody |
||
| 246 | _aThe Secret of Success in Christian Life and Christian World | ||
| 260 |
_aEngland: _bSovereign World, _c1992 |
||
| 300 |
_a96 p.; _c20 cm. |
||
| 650 |
_aEvangelistic Work _9290 |
||
| 942 |
_2ddc _cBK _01 |
||